[Event "FIN-chT 2324"]
[Site "Finland"]
[Date "2023.09.23"]
[Round "1.5"]
[White "Hartikainen, Markku"]
[Black "Laihonen, Petteri"]
[Result "1/2-1/2"]
[WhiteElo "2278"]
[BlackElo "2196"]
[PlyCount "56"]
[EventDate "2023.09.23"]
[EventType "team-tourn"]
[EventRounds "12"]
[EventCountry "FIN"]
[SourceTitle "EXT 2024"]
[Source "ChessBase"]
[SourceDate "2023.10.10"]
[SourceVersion "1"]
[SourceVersionDate "2023.10.10"]
[SourceQuality "1"]
[WhiteTeam "Salo SalSK"]
[BlackTeam "Jyvaskyla JyS"]
[WhiteTeamCountry "FIN"]
[BlackTeamCountry "FIN"]

1. e4 e5 2. Nf3 Nc6 3. Bb5 a6 4. Ba4 Nf6 5. 0-0 b5 6. Bb3 d6 7. c3 Na5 8. Bc2 c5 9. d4 Qc7 10. h3 Be7 11. Re1 0-0 12. Nbd2 Nc6 13. d5 Nd8 14. a4 Rb8 15. Nf1 Ne8 16. g4 g6 17. Ng3 f6 18. Kh2 Nf7 19. axb5 axb5 20. Be3 Ng7 21. Rg1 Kh8 22. Nd2 Bd7 23. Qe2 Ra8 24. Bd3 Qb7 25. b4 c4 26. Bc2 Rxa1 27. Rxa1 Ra8 28. Qd1 Ra6 1/2-1/2

[Event "FIN-chT 2223"]
[Site "Finland"]
[Date "2022.10.15"]
[Round "3.6"]
[White "Lansimaki, Ville"]
[Black "Laihonen, Petteri"]
[Result "0-1"]
[WhiteElo "1994"]
[BlackElo "2201"]
[PlyCount "45"]
[EventDate "2022.09.24"]
[EventType "team-tourn"]
[EventRounds "11"]
[EventCountry "FIN"]
[SourceTitle "EXT 2024"]
[Source "ChessBase"]
[SourceDate "2023.10.10"]
[SourceVersion "1"]
[SourceVersionDate "2023.10.10"]
[SourceQuality "1"]
[WhiteTeam "Gambiitti"]
[BlackTeam "Jyvaskyla JyS"]
[WhiteTeamCountry "FIN"]
[BlackTeamCountry "FIN"]

1. d4 Nf6 2. Nf3 g6 3. Bf4 Bg7 4. e3 0-0 5. h3 c5 6. Nbd2 d6 7. c3 Nc6 8. Bc4 a6 9. a4 cxd4 10. exd4 e5 11. dxe5 dxe5 12. Be3 e4 13. Nd4 Ne5 14. Be2 Nd5 15. Nxe4 Qh4 16. Qb1 Nxe3 17. g3 Qh6 18. fxe3 Qxe3 19. Kf1 b6 20. Nd6 Be6 21. Qe1 Bd5 22. Qf2 Qh6 23. Bf3 0-1

[Event "FIN-chT 2022"]
[Site "Finland"]
[Date "2020.09.12"]
[Round "1.7"]
[White "Martinec, Tamas"]
[Black "Laihonen, Petteri"]
[Result "0-1"]
[WhiteElo "1838"]
[BlackElo "2201"]
[PlyCount "90"]
[EventDate "2020.09.12"]
[EventType "team-tourn"]
[EventRounds "11"]
[EventCountry "FIN"]
[SourceTitle "EXT 2023"]
[Source "ChessBase"]
[SourceDate "2022.10.05"]
[SourceVersion "1"]
[SourceVersionDate "2022.10.05"]
[SourceQuality "1"]
[WhiteTeam "Tampere Tammer"]
[BlackTeam "Jyvaskyla JyS"]
[WhiteTeamCountry "FIN"]
[BlackTeamCountry "FIN"]

1. e4 e6 2. d4 d5 3. e5 c5 4. Nf3 cxd4 5. Bd3 Ne7 6. 0-0 Nec6 7. Re1 Nd7 8. a3 Qc7 9. Bb5 Be7 10. Bxc6 bxc6 11. Qxd4 0-0 12. Qg4 f5 13. Qg3 Nc5 14. Nbd2 a5 15. b3 Qd8 16. Nd4 Bd7 17. Qe3 Qe8 18. Nf1 f4 19. Qe2 g5 20. Bd2 Ne4 21. b4 c5 22. bxc5 Bxc5 23. Qd3 Qg6 24. Reb1 Nxf2 25. Qxg6+ hxg6 26. Nb3 Ba7 27. Bxa5 Ng4+ 28. Kh1 Nf2+ 29. Kg1 Ng4+ 30. Kh1 Nxe5 31. Nfd2 g4 32. Bb4 Rfc8 33. Rf1 g5 34. Rfe1 Nf7 35. Rac1 Be3 36. c3 e5 37. Rb1 g3 38. hxg3 Ra6 39. Rxe3 fxe3 40. Nf1 e2 41. Ne3 Rf6 42. Be7 Re6 43. Bb4 Bb5 44. Nc5 Rf6 45. a4 Rf1+ 0-1

[Event "FIN-chT 1920"]
[Site "Finland"]
[Date "2020.02.08"]
[Round "7.7"]
[White "Paronen, Petteri"]
[Black "Laihonen, Petteri"]
[Result "1/2-1/2"]
[WhiteElo "2017"]
[BlackElo "2187"]
[PlyCount "55"]
[EventDate "2019.09.14"]
[EventType "team-tourn"]
[EventRounds "11"]
[EventCountry "FIN"]
[SourceTitle "CBM 195 Extra"]
[Source "ChessBase"]
[SourceDate "2020.05.31"]
[SourceVersion "1"]
[SourceVersionDate "2020.05.31"]
[SourceQuality "1"]
[WhiteTeam "Kotka KymS"]
[BlackTeam "Jyvaskyla JyS"]
[WhiteTeamCountry "FIN"]
[BlackTeamCountry "FIN"]

1. e4 e5 2. Nc3 Nf6 3. f4 d5 4. fxe5 Nxe4 5. Qf3 Nc6 6. Bb5 Nxc3 7. dxc3 Qh4+ 8. g3 Qe4+ 9. Qxe4 dxe4 10. Bf4 Be7 11. Ne2 g5 12. Bd2 Bd7 13. Bxc6 Bxc6 14. Rf1 Bb5 15. Rf2 c5 16. b3 0-0 17. 0-0-0 f6 18. c4 Bc6 19. exf6 Bxf6 20. Rdf1 Be7 21. Nc3 Rxf2 22. Rxf2 Rf8 23. Nxe4 Bxe4 24. Re2 Rf1+ 25. Be1 Bxc2 26. Rxe7 Bg6 27. Kd2 Rf7 28. Rxf7 1/2-1/2

[Event "Jyvaskyla Winter WE op"]
[Site "Jyvaskyla"]
[Date "2020.02.01"]
[Round "2"]
[White "Blinkov, Pavel Vladimir"]
[Black "Laihonen, Petteri"]
[Result "0-1"]
[WhiteElo "2291"]
[BlackElo "2171"]
[PlyCount "82"]
[EventDate "2020.01.31"]
[EventType "swiss"]
[EventRounds "5"]
[EventCountry "FIN"]
[SourceTitle "EXT 2021"]
[Source "ChessBase"]
[SourceDate "2020.10.23"]
[SourceVersion "1"]
[SourceVersionDate "2020.10.23"]
[SourceQuality "1"]

1. d4 Nf6 2. c4 g6 3. Nc3 Bg7 4. e4 d6 5. Nf3 0-0 6. Be2 Na6 7. 0-0 e5 8. d5 Nc5 9. Qc2 a5 10. Bg5 h6 11. Be3 b6 12. Nd2 Bg4 13. f3 Bd7 14. Rfe1 Nh5 15. Bf1 f5 16. b3 f4 17. Bf2 Bf6 18. a3 Bh4 19. Bxh4 Qxh4 20. b4 Nb7 21. Nb3 a4 22. Nd2 Rf7 23. Rac1 g5 24. Nb5 Bc8 25. Nb1 g4 26. fxg4 Bxg4 27. Qf2 Qg5 28. Nd2 Nf6 29. Kh1 Qg6 30. Qh4 Rg7 31. Rc3 Rf8 32. Qf2 Bc8 33. h3 Nh5 34. Bd3 Ng3+ 35. Kh2 Kh8 36. Bc2 Rfg8 37. Rg1 Qh5 38. Qe1 Ne2 39. Bd1 f3 40. Nxf3 Rxg2+ 41. Rxg2 Qxh3# 0-1

[Event "Jyvaskyla Winter WE op"]
[Site "Jyvaskyla"]
[Date "2020.01.31"]
[Round "3"]
[White "Laihonen, Petteri"]
[Black "Galchenko, Matvey"]
[Result "0-1"]
[WhiteElo "2171"]
[BlackElo "2418"]
[PlyCount "82"]
[EventDate "2020.01.31"]
[EventType "swiss"]
[EventRounds "5"]
[EventCountry "FIN"]
[SourceTitle "EXT 2021"]
[Source "ChessBase"]
[SourceDate "2020.10.23"]
[SourceVersion "1"]
[SourceVersionDate "2020.10.23"]
[SourceQuality "1"]

1. e4 e6 2. d4 d5 3. Nc3 Bb4 4. e5 c5 5. a3 Bxc3+ 6. bxc3 Qc7 7. Qg4 f6 8. Qg3 c4 9. Be2 Nc6 10. Nf3 Qf7 11. a4 Bd7 12. h4 h5 13. 0-0 0-0-0 14. Re1 Nge7 15. Bd1 Nf5 16. Qh2 Rhg8 17. a5 Qg6 18. Bf4 Nh6 19. Qh3 Qh7 20. Nd2 Nf5 21. Qh2 g5 22. Bg3 Nxg3 23. Qxg3 gxh4 24. Qxh4 fxe5 25. dxe5 Qg7 26. Qh2 Rdf8 27. Nf3 Rf4 28. Re3 h4 29. Kf1 Qf7 30. Ke1 Rf8 31. Be2 Qe7 32. g3 hxg3 33. Qxg3 Qc5 34. a6 b6 35. Ng5 d4 36. cxd4 Nxd4 37. Bd1 Rxf2 38. Ne4 Qb4+ 39. Rc3 Nb5 40. Nxf2 Nxc3 41. Be2 Rxf2 0-1

[Event "Satakunta-ch op"]
[Site "Pori"]
[Date "2019.03.02"]
[Round "3"]
[White "Torkkola, Henri"]
[Black "Laihonen, Petteri"]
[Result "0-1"]
[WhiteElo "2212"]
[BlackElo "2187"]
[PlyCount "66"]
[EventDate "2019.03.02"]
[EventType "swiss"]
[EventRounds "5"]
[EventCountry "FIN"]
[SourceTitle "EXT 2021"]
[Source "ChessBase"]
[SourceDate "2020.10.23"]
[SourceVersion "1"]
[SourceVersionDate "2020.10.23"]
[SourceQuality "1"]

1. d4 Nf6 2. Bg5 c5 3. Bxf6 exf6 4. d5 f5 5. c4 d6 6. Qc2 g6 7. Qc3 Rg8 8. Nd2 Bg7 9. Qc2 Qf6 10. 0-0-0 Nd7 11. f4 Kd8 12. g3 Re8 13. Bg2 Re3 14. Nf1 Re8 15. Rd3 a6 16. Ne3 Rb8 17. Nf3 b5 18. cxb5 axb5 19. Nd1 b4 20. Kd2 Ba6 21. Re3 Kc7 22. Rxe8 Rxe8 23. e3 Nb6 24. Ne5 Bb5 25. Nf2 Qe7 26. Rc1 Bxe5 27. fxe5 Qxe5 28. Qb3 Bc4 29. Rxc4 Nxc4+ 30. Kd3 Qxe3+ 31. Kxc4 Qxf2 32. Bf3 Re3 33. Qa4 Qf1+ 0-1

[Event "Jyvaskyla Winter op-A 40th"]
[Site "Jyvaskyla"]
[Date "2019.02.03"]
[Round "5"]
[White "Chernyak, Viktoria"]
[Black "Laihonen, Petteri"]
[Result "1-0"]
[WhiteElo "2200"]
[BlackElo "2207"]
[PlyCount "70"]
[EventDate "2019.02.01"]
[EventType "swiss"]
[EventRounds "5"]
[EventCountry "FIN"]
[SourceTitle "EXT 2021"]
[Source "ChessBase"]
[SourceDate "2020.10.23"]
[SourceVersion "1"]
[SourceVersionDate "2020.10.23"]
[SourceQuality "1"]

1. Nf3 Nf6 2. c4 g6 3. Nc3 Bg7 4. e4 d6 5. d4 0-0 6. Be2 Na6 7. 0-0 e5 8. Be3 Ng4 9. Bg5 Qe8 10. h3 h6 11. Bh4 exd4 12. Nxd4 Nf6 13. f3 Nh5 14. Qd2 Qe5 15. Rad1 Ng3 16. Rf2 g5 17. Bxg3 Qxg3 18. f4 Bxh3 19. Nd5 Rae8 20. Nf5 Bxf5 21. exf5 c6 22. f6 cxd5 23. fxg7 Kxg7 24. Qd4+ f6 25. Rd3 Re4 26. Qxa7 Qh4 27. Rh3 Rxe2 28. Rxh4 Rxf2 29. Kxf2 Nc5 30. Rh3 d4 31. b4 Ne4+ 32. Kf1 f5 33. Qxd4+ Kg6 34. Qd5 g4 35. Re3 Rf7 1-0

[Event "Pori We PSY"]
[Site "Pori"]
[Date "2018.03.17"]
[Round "3"]
[White "Lauronen, Timo"]
[Black "Laihonen, Petteri"]
[Result "0-1"]
[WhiteElo "2025"]
[BlackElo "2180"]
[PlyCount "58"]
[EventDate "2018.03.17"]
[EventType "swiss"]
[EventRounds "5"]
[EventCountry "FIN"]
[SourceTitle "EXT 2022"]
[Source "ChessBase"]
[SourceDate "2021.10.06"]
[SourceVersion "1"]
[SourceVersionDate "2021.10.06"]
[SourceQuality "1"]

1. c4 Nf6 2. Nc3 g6 3. g3 Bg7 4. Bg2 0-0 5. Nf3 d6 6. 0-0 e5 7. d4 Nbd7 8. e4 Re8 9. dxe5 dxe5 10. b3 c6 11. Ba3 Qa5 12. Qc1 Bf8 13. Bxf8 Nxf8 14. Qc2 Bg4 15. h3 Bxf3 16. Bxf3 Ne6 17. Ne2 Rad8 18. Rad1 h5 19. Bg2 h4 20. f4 Rxd1 21. Rxd1 Qc5+ 22. Kh1 hxg3 23. f5 gxf5 24. exf5 Nd4 25. Qd2 Nh7 26. Nxg3 Qe7 27. Rg1 Qh4 28. Nh5 Kh8 29. Qh6 Nxf5 0-1

[Event "FIN-chT1B 1718"]
[Site "Finland"]
[Date "2018.02.03"]
[Round "6.1"]
[White "Ristoja, Jan"]
[Black "Laihonen, Petteri"]
[Result "0-1"]
[WhiteElo "2267"]
[BlackElo "2176"]
[PlyCount "59"]
[EventDate "2017.09.16"]
[EventType "team-tourn"]
[EventRounds "7"]
[EventCountry "FIN"]
[SourceTitle "EXT 2020"]
[Source "ChessBase"]
[SourceDate "2019.10.17"]
[SourceVersion "1"]
[SourceVersionDate "2019.10.17"]
[SourceQuality "1"]
[WhiteTeam "Helsinki Garde"]
[BlackTeam "Jyvaskyla JyS II"]
[WhiteTeamCountry "FIN"]
[BlackTeamCountry "FIN"]

1. e4 e5 2. Nf3 Nc6 3. Bb5 a6 4. Ba4 Nf6 5. d3 d6 6. c3 Be7 7. Nbd2 0-0 8. 0-0 b5 9. Bb3 Na5 10. Bc2 c5 11. Re1 Nd7 12. Nf1 Nb6 13. Ng3 Nc6 14. h3 Re8 15. d4 cxd4 16. cxd4 Nxd4 17. Nxd4 exd4 18. Qxd4 Bf6 19. Qd3 g6 20. Bf4 Nc4 21. b3 Bxa1 22. Rxa1 Qf6 23. bxc4 Qxf4 24. cxb5 axb5 25. Qxb5 Be6 26. a4 Rec8 27. Qd3 Qe5 28. Rd1 Rc3 29. Qd2 Qc5 30. Bb1 0-1

[Event "Jyvaskyla We JyS A"]
[Site "Jyvaskyla"]
[Date "2018.01.27"]
[Round "2"]
[White "Laihonen, Petteri"]
[Black "Franssila, Tommi"]
[Result "0-1"]
[WhiteElo "2176"]
[BlackElo "2233"]
[PlyCount "84"]
[EventDate "2018.01.26"]
[EventType "swiss"]
[EventRounds "5"]
[EventCountry "FIN"]
[SourceTitle "EXT 2022"]
[Source "ChessBase"]
[SourceDate "2021.10.06"]
[SourceVersion "1"]
[SourceVersionDate "2021.10.06"]
[SourceQuality "1"]

1. e4 c5 2. d4 cxd4 3. c3 Nf6 4. e5 Nd5 5. Nf3 e6 6. cxd4 d6 7. a3 Nc6 8. Bd3 Bd7 9. 0-0 Be7 10. Re1 Qb6 11. Nc3 Nxc3 12. bxc3 dxe5 13. dxe5 Bc5 14. Qe2 Ne7 15. Ng5 Bc6 16. a4 Qc7 17. Ba3 Bxa3 18. Rxa3 Nd5 19. Bb5 Qe7 20. c4 Qxa3 21. cxd5 exd5 22. e6 f6 23. Bxc6+ bxc6 24. e7 fxg5 25. Qe5 Qb4 26. g3 Kd7 27. Qe6+ Kc7 28. Qe5+ Qd6 29. Qxg7 Rhe8 30. Qf7 d4 31. Re6 Qd5 32. Qf6 Rab8 33. f3 g4 34. Qf4+ Kd7 35. Re1 gxf3 36. Rd1 c5 37. Qg4+ Kd6 38. Qf4+ Qe5 39. Qxf3 Rxe7 40. Qg4 Rb2 41. Rf1 Qe3+ 42. Kh1 Qe4+ 0-1

[Event "FIN-chT 1718"]
[Site "Finland"]
[Date "2017.12.03"]
[Round "6.7"]
[White "Fraser, Scott"]
[Black "Laihonen, Petteri"]
[Result "1/2-1/2"]
[WhiteElo "2170"]
[BlackElo "2176"]
[PlyCount "119"]
[EventDate "2017.09.16"]
[EventType "team-tourn"]
[EventRounds "11"]
[EventCountry "FIN"]
[SourceTitle "EXT 2019"]
[Source "ChessBase"]
[SourceDate "2018.10.10"]
[SourceVersion "1"]
[SourceVersionDate "2018.10.10"]
[SourceQuality "1"]
[WhiteTeam "Espoo MatSK"]
[BlackTeam "Jyvaskyla JyS"]
[WhiteTeamCountry "FIN"]
[BlackTeamCountry "FIN"]

1. d4 Nf6 2. c4 g6 3. Nc3 Bg7 4. e4 d6 5. f3 c6 6. Be3 a6 7. c5 dxc5 8. dxc5 0-0 9. Qxd8 Rxd8 10. Rd1 Rxd1+ 11. Kxd1 Be6 12. Nge2 Nfd7 13. Kc2 a5 14. Na4 Na6 15. a3 Rd8 16. Nc1 Nc7 17. Bd2 Nb5 18. Bxa5 Ra8 19. b4 Nxa3+ 20. Kd2 Nb1+ 21. Ke3 Nc3 22. Nxc3 Bxc3 23. Nd3 Bc4 24. f4 Bg7 25. Be2 Bxd3 26. Bxd3 Nxc5 27. Bc4 b5 28. Be2 e5 29. fxe5 Bxe5 30. Rc1 Nb3 31. Rxc6 Nxa5 32. bxa5 Rxa5 33. Rc5 Ra3+ 34. Bd3 Bxh2 35. Rxb5 Bg1+ 36. Ke2 Ra4 37. Kf3 Ra3 38. Ke2 Ra2+ 39. Kf3 Kg7 40. Rb7 Ra3 41. Ke2 Ra7 42. Rxa7 Bxa7 43. Kf3 h5 44. g4 h4 45. Bf1 Kf6 46. Bh3 Ke5 47. Bg2 Bb6 48. Bh3 Bd8 49. Bg2 Bg5 50. Bh3 Kd4 51. Bf1 Bh6 52. Bh3 Kd3 53. Bg2 Kd2 54. Bh3 Ke1 55. Bg2 Bc1 56. Bh3 f6 57. Bg2 Bb2 58. Bh3 Kd1 59. Bg2 Kc2 60. Bh3 1/2-1/2

[Event "Heinola Suomi 100 ottelu Vierumaki"]
[Site "Heinola"]
[Date "2017.11.18"]
[Round "2"]
[White "Tobre, Andres"]
[Black "Laihonen, Petteri"]
[Result "0-1"]
[WhiteElo "1587"]
[BlackElo "2191"]
[PlyCount "68"]
[EventDate "2017.11.17"]
[EventType "swiss"]
[EventRounds "3"]
[EventCountry "FIN"]
[SourceTitle "EXT 2022"]
[Source "ChessBase"]
[SourceDate "2021.10.06"]
[SourceVersion "1"]
[SourceVersionDate "2021.10.06"]
[SourceQuality "1"]

1. e4 e5 2. Nf3 Nc6 3. Bc4 Nf6 4. d3 Be7 5. c3 0-0 6. 0-0 d5 7. exd5 Nxd5 8. Bb3 Bf5 9. Bc2 Qd6 10. Nbd2 Qg6 11. Ne4 Rad8 12. Ng3 Bg4 13. h3 Bc8 14. d4 f5 15. dxe5 Nxc3 16. Qe1 Nd5 17. a3 Bc5 18. Be3 Bxe3 19. fxe3 Nxe3 20. Qxe3 Qxg3 21. e6 Rde8 22. Bb3 Rf6 23. e7+ Kh8 24. Rad1 h6 25. Rd8 Nxd8 26. exd8Q Rxd8 27. Qe7 Qd6 28. Re1 Kh7 29. Nh4 Qd4+ 30. Re3 Be6 31. Bxe6 Qxe3+ 32. Kh2 Qe5+ 33. g3 Rd2+ 34. Ng2 Rxe6 0-1

[Event "Heinola Suomi 100 ottelu Vierumaki"]
[Site "Heinola"]
[Date "2017.11.17"]
[Round "1"]
[White "Laihonen, Petteri"]
[Black "Bubits, Bence"]
[Result "1-0"]
[WhiteElo "2191"]
[BlackElo "2131"]
[PlyCount "139"]
[EventDate "2017.11.17"]
[EventType "swiss"]
[EventRounds "3"]
[EventCountry "FIN"]
[SourceTitle "EXT 2022"]
[Source "ChessBase"]
[SourceDate "2021.10.06"]
[SourceVersion "1"]
[SourceVersionDate "2021.10.06"]
[SourceQuality "1"]

1. e4 c5 2. d4 cxd4 3. c3 d5 4. exd5 Qxd5 5. cxd4 Nc6 6. Nf3 e5 7. Nc3 Bb4 8. Bd2 Bxc3 9. Bxc3 e4 10. Ne5 Nxe5 11. dxe5 Ne7 12. Qe2 Bf5 13. Rd1 Qc5 14. Qb5+ Qxb5 15. Bxb5+ Nc6 16. Rd6 Rc8 17. h3 Ke7 18. 0-0 f6 19. Bxc6 Rxc6 20. Rxc6 bxc6 21. Rd1 Rc8 22. Rd4 a6 23. Ra4 Ra8 24. Ra5 Bg6 25. g4 f5 26. Kh2 fxg4 27. hxg4 Bf7 28. Kg3 Bd5 29. Bb4+ Ke6 30. Bd6 Kf7 31. Ra4 Kg6 32. b3 h5 33. gxh5+ Kxh5 34. Rb4 Ra7 35. e6 Bxe6 36. Rxe4 Bd5 37. Rh4+ Kg6 38. Rb4 Kf5 39. Bb8 Ra8 40. Bc7 Ra7 41. Bb6 Rb7 42. Rf4+ Kg6 43. Bd4 Re7 44. Rg4+ Kh7 45. f4 Be4 46. Rg5 g6 47. Rg4 Kg8 48. Kf2 Bd3 49. Be5 Bf5 50. Rg1 Rh7 51. Rc1 Rh2+ 52. Ke3 Rxa2 53. Rxc6 Kf7 54. Rb6 Ra5 55. Kd4 Rb5 56. Rf6+ Ke7 57. Kc3 Ra5 58. Rb6 Ra2 59. Kd4 Rd2+ 60. Kc5 Rc2+ 61. Kd5 Rd2+ 62. Bd4 Ra2 63. Rb7+ Bd7 64. Rb6 Bf5 65. Rb7+ Bd7 66. Bc5+ Ke8 67. Rb8+ Kf7 68. Rf8+ Kg7 69. Rd8 Rd2+ 70. Bd4+ 1-0

[Event "FIN-chT 1718"]
[Site "Finland"]
[Date "2017.10.22"]
[Round "4.7"]
[White "Paronen, Petteri"]
[Black "Laihonen, Petteri"]
[Result "0-1"]
[WhiteElo "2174"]
[BlackElo "2176"]
[PlyCount "106"]
[EventDate "2017.09.16"]
[EventType "team-tourn"]
[EventRounds "11"]
[EventCountry "FIN"]
[SourceTitle "EXT 2019"]
[Source "ChessBase"]
[SourceDate "2018.10.10"]
[SourceVersion "1"]
[SourceVersionDate "2018.10.10"]
[SourceQuality "1"]
[WhiteTeam "Kotka KymS"]
[BlackTeam "Jyvaskyla JyS"]
[WhiteTeamCountry "FIN"]
[BlackTeamCountry "FIN"]

1. e4 e5 2. Nf3 Nc6 3. Bb5 a6 4. Ba4 Nf6 5. Bxc6 dxc6 6. d3 Bc5 7. Qe2 Qe7 8. Nbd2 Nd7 9. Nc4 f6 10. Be3 Nf8 11. Bxc5 Qxc5 12. Qe3 Ne6 13. Qxc5 Nxc5 14. 0-0 Bd7 15. Nfd2 Ne6 16. Ne3 0-0-0 17. Nb3 b6 18. Rad1 c5 19. Nc1 Rde8 20. Ne2 Nd4 21. Rd2 g5 22. f3 h5 23. c3 Nxe2+ 24. Rxe2 Be6 25. b3 Rd8 26. Rd2 Rd7 27. Kf2 Rhd8 28. Ke2 b5 29. Rfd1 Kb7 30. Rb1 Kc6 31. Rbd1 Kb6 32. Rb1 c6 33. Rbd1 Kc7 34. Nc2 a5 35. Ne3 Ra8 36. c4 a4 37. Rc1 Kd6 38. b4 cxb4 39. c5+ Kc7 40. Rb1 b3 41. axb3 axb3 42. Nf5 Bxf5 43. exf5 Rd5 44. Rxb3 Rxc5 45. g4 Ra4 46. h3 Rc1 47. Kf2 h4 48. Rbb2 Kd6 49. Rbc2 Rxc2 50. Rxc2 Kd5 51. Ke3 c5 52. Rb2 b4 53. Rb1 Ra2 0-1

[Event "Eger Agria op 41th"]
[Site "Eger"]
[Date "2017.07.21"]
[Round "7"]
[White "Laihonen, Petteri"]
[Black "Nagy, Ferenc3333"]
[Result "1-0"]
[WhiteElo "2190"]
[BlackElo "1888"]
[PlyCount "49"]
[EventDate "2017.07.17"]
[EventType "swiss"]
[EventRounds "9"]
[EventCountry "HUN"]
[SourceTitle "EXT 2020"]
[Source "ChessBase"]
[SourceDate "2019.10.17"]
[SourceVersion "1"]
[SourceVersionDate "2019.10.17"]
[SourceQuality "1"]

1. e4 e6 2. d4 b6 3. Bd3 Bb7 4. Qe2 Be7 5. Nf3 c5 6. c3 Qc8 7. 0-0 Ba6 8. c4 cxd4 9. a3 d6 10. Nxd4 Nc6 11. Nxc6 Qxc6 12. b4 Bb7 13. Bb2 Nf6 14. c5 Nd7 15. cxd6 Qxd6 16. Rd1 Rd8 17. Bb5 Qc7 18. Nc3 Bd6 19. Rac1 Qb8 20. g3 Ke7 21. f4 e5 22. Nd5+ Bxd5 23. exd5 Rhe8 24. fxe5 Nxe5 25. Bxe5 1-0

[Event "Eger Agria op 41th"]
[Site "Eger"]
[Date "2017.07.19"]
[Round "4"]
[White "Molnar, Erno"]
[Black "Laihonen, Petteri"]
[Result "1/2-1/2"]
[WhiteElo "2121"]
[BlackElo "2190"]
[PlyCount "100"]
[EventDate "2017.07.17"]
[EventType "swiss"]
[EventRounds "9"]
[EventCountry "HUN"]
[SourceTitle "EXT 2020"]
[Source "ChessBase"]
[SourceDate "2019.10.17"]
[SourceVersion "1"]
[SourceVersionDate "2019.10.17"]
[SourceQuality "1"]

1. e4 e5 2. Nf3 Nc6 3. Bb5 a6 4. Ba4 Nf6 5. 0-0 Be7 6. Re1 b5 7. Bb3 d6 8. c3 0-0 9. h3 Na5 10. Bc2 c5 11. d4 Qc7 12. d5 Nb7 13. b3 Bd7 14. Nbd2 Nd8 15. Nf1 Ne8 16. g4 g6 17. Bh6 Ng7 18. Ng3 f6 19. Nh2 Nf7 20. Be3 Kh8 21. f4 exf4 22. Bxf4 Ne5 23. Rf1 a5 24. Nf3 a4 25. Qe2 Qa5 26. Qd2 axb3 27. Bxb3 Rab8 28. Kg2 Kg8 29. Nxe5 fxe5 30. Bxe5 c4 31. Bxg7 Kxg7 32. Qd4+ Kg8 33. Bc2 Rxf1 34. Rxf1 Qxa2 35. Rf2 Rf8 36. Re2 Qa3 37. e5 dxe5 38. Qxe5 Bd6 39. Qd4 Bc5 40. Qd2 b4 41. Ne4 bxc3 42. Qxc3 Qxc3 43. Nxc3 Bd4 44. Ne4 Bb5 45. Re1 Ba6 46. Rd1 Be5 47. Nc5 Bb5 48. d6 Bc6+ 49. Be4 Bxe4+ 50. Nxe4 c3 1/2-1/2

[Event "Kuopio We KSY"]
[Site "Kuopio"]
[Date "2017.04.30"]
[Round "5"]
[White "Tuononen, Janne"]
[Black "Laihonen, Petteri"]
[Result "1/2-1/2"]
[WhiteElo "2211"]
[BlackElo "2190"]
[PlyCount "47"]
[EventDate "2017.04.29"]
[EventType "swiss"]
[EventRounds "5"]
[EventCountry "FIN"]
[SourceTitle "EXT 2022"]
[Source "ChessBase"]
[SourceDate "2021.10.06"]
[SourceVersion "1"]
[SourceVersionDate "2021.10.06"]
[SourceQuality "1"]

1. b3 b5 2. e3 Bb7 3. Nf3 b4 4. a3 a5 5. Bb2 e6 6. Be2 Nf6 7. 0-0 Be7 8. axb4 axb4 9. c4 Rxa1 10. Bxa1 0-0 11. d4 c5 12. Nbd2 d6 13. Qc2 Nbd7 14. Rd1 Qc7 15. Bd3 h6 16. Bb2 Ra8 17. Ra1 Rxa1+ 18. Bxa1 Qa5 19. Bb2 Qa8 20. Qb1 Bd8 21. Qa1 Qxa1+ 22. Bxa1 Bb6 23. h3 Kf8 24. Kf1 1/2-1/2

[Event "Kuopio We KSY"]
[Site "Kuopio"]
[Date "2017.04.29"]
[Round "3"]
[White "Hallman, Valo"]
[Black "Laihonen, Petteri"]
[Result "1/2-1/2"]
[WhiteElo "2262"]
[BlackElo "2190"]
[PlyCount "48"]
[EventDate "2017.04.29"]
[EventType "swiss"]
[EventRounds "5"]
[EventCountry "FIN"]
[SourceTitle "EXT 2022"]
[Source "ChessBase"]
[SourceDate "2021.10.06"]
[SourceVersion "1"]
[SourceVersionDate "2021.10.06"]
[SourceQuality "1"]

1. Nf3 Nf6 2. g3 g6 3. Bg2 Bg7 4. c4 0-0 5. Nc3 d6 6. 0-0 e5 7. a3 a6 8. d3 h6 9. Rb1 Re8 10. b4 c6 11. Bb2 Nbd7 12. Nd2 Nf8 13. e3 Be6 14. Na4 N6d7 15. Nb3 b5 16. cxb5 axb5 17. Nc3 d5 18. Ne2 g5 19. Rc1 Qb6 20. Nc5 Nxc5 21. Rxc5 Nd7 22. Rc2 Bg4 23. h3 Bf5 24. Kh1 Rac8 1/2-1/2

[Event "Kuopio We KSY"]
[Site "Kuopio"]
[Date "2017.04.29"]
[Round "1"]
[White "Linna, Asko"]
[Black "Laihonen, Petteri"]
[Result "0-1"]
[WhiteElo "1962"]
[BlackElo "2190"]
[PlyCount "79"]
[EventDate "2017.04.29"]
[EventType "swiss"]
[EventRounds "5"]
[EventCountry "FIN"]
[SourceTitle "EXT 2022"]
[Source "ChessBase"]
[SourceDate "2021.10.06"]
[SourceVersion "1"]
[SourceVersionDate "2021.10.06"]
[SourceQuality "1"]

1. d4 Nf6 2. c4 g6 3. Nc3 Bg7 4. e4 d6 5. Bd3 0-0 6. Nge2 c5 7. d5 e6 8. 0-0 Ng4 9. Ng3 exd5 10. Nxd5 Nc6 11. Be2 Qh4 12. Bxg4 Bxg4 13. f3 Be6 14. f4 Nd4 15. f5 Bxd5 16. Rf4 Qe7 17. exd5 Rfe8 18. fxg6 hxg6 19. Re4 Qf8 20. Bf4 f5 21. Rxe8 Rxe8 22. Qd2 Qe7 23. Bg5 Qd7 24. Re1 Be5 25. b3 b5 26. Kf2 bxc4 27. bxc4 Qa4 28. Bh6 Qxc4 29. Qg5 Kf7 30. Nh5 Qxa2+ 31. Kf1 Qc4+ 32. Kf2 Qxd5 33. Qh4 gxh5 34. Qxh5+ Ke7 35. Bg5+ Kd7 36. Qh7+ Kc8 37. Qxa7 Qb7 38. Qa4 Qb2+ 39. Kf1 Qb5+ 40. Qxb5 0-1

[Event "Jyvaskyla Winter Weekend A"]
[Site "Jyvaskyla"]
[Date "2017.01.??"]
[Round "3"]
[White "Laihonen, Petteri"]
[Black "Kauppala, Pekka"]
[Result "1/2-1/2"]
[WhiteElo "2184"]
[BlackElo "2043"]
[PlyCount "65"]
[EventDate "2017.01.27"]
[EventType "swiss"]
[EventRounds "5"]
[EventCountry "FIN"]
[SourceTitle "EXT 2022"]
[Source "ChessBase"]
[SourceDate "2021.10.06"]
[SourceVersion "1"]
[SourceVersionDate "2021.10.06"]
[SourceQuality "1"]

1. e4 e5 2. Nf3 Nc6 3. Nc3 Nf6 4. Bb5 d6 5. d4 Bd7 6. 0-0 Be7 7. Re1 exd4 8. Nxd4 0-0 9. Bxc6 bxc6 10. h3 Re8 11. Qf3 c5 12. Nde2 Rb8 13. b3 Bc6 14. Bb2 Nd7 15. Ng3 Bf6 16. Rad1 g6 17. Ba1 Bg7 18. Qd3 Nb6 19. Nd5 Bxa1 20. Rxa1 Bxd5 21. exd5 Qf6 22. Ne4 Qf5 23. Re3 Re5 24. c4 Rbe8 25. Rae1 h5 26. g3 Nd7 27. f4 R5e7 28. Kg2 Nf6 29. Nxf6+ Qxf6 30. Rxe7 Rxe7 31. Rxe7 Qxe7 32. Kf2 Qf6 33. Qe3 1/2-1/2